| 000 | 00670 a2200193 4500 | ||
|---|---|---|---|
| 999 |
_c183298 _d183298 |
||
| 005 | 20211222130756.0 | ||
| 010 | _aENG-130491 | ||
| 020 |
_a978-93-5460-018-0 _c348.00 |
||
| 035 | _aEN-114023 | ||
| 037 | _bDBAD/PUB | ||
| 082 |
_a909 _b1 _22nd Ed. |
||
| 100 | _aReddy, Krishna | ||
| 245 |
_aWorld HIstory: _bA Comprehensive Study Of The Modern World/ _cKrishna Reddy, Ajay Kumar C.M |
||
| 260 |
_aChennai _bMcGraw Hill Education Private Limited _c2020 |
||
| 270 |
_a441/1,Sri Ekambara Naicker Industrial Estate, Alapakkam Porur _bChennai _e600116 |
||
| 300 |
_axv,400p. _c24cm (pbk) |
||
| 700 | _aM., Ajay Kumar C. | ||
| 942 |
_adpl _cEN _2ddc _h909 _mRED |
||